000 00505nam a2200181Ia 4500
005 20250508152935.0
008 008 250505s9999 xx 000 0 eng d
037 _aTextual
040 _aFEDL
_beng
_cFEDL
041 _aeng
_2eng
084 _a153.93, KNI
_qFEDL
100 _aKinight Rex
_9762792
245 0 _aIntelligence and intelligence tests
260 _aLondon, UK
_bMethuen and Co. Ltd
_c1933
300 _avi,96p.
942 _cTEXL
_h153.93, KNI
999 _c1339714
_d1339714